Loading...
| Literature - American Literature | 0 | 11 | 1 | 1 | 105 | 64 | 118.18 | 0 | 1 |
| Philosophy | 0 | 10 | 3 | 0 | 85 | 84 | 106.20 | 0 | 5 |
| Any History | 0 | 8 | 1 | 2 | 75 | 57 | 113.63 | 0 | 0 |
| Literature - European Literature | 0 | 7 | 1 | 1 | 65 | 95 | 117.29 | 0 | 0 |
| Fine Arts - Other Fine Arts | 0 | 6 | 0 | 0 | 60 | 61 | 104.67 | 1 | 1 |
| Social Science | 0 | 6 | 0 | 1 | 60 | 98 | 112.17 | 1 | 2 |
| Literature - World Literature | 0 | 7 | 3 | 2 | 55 | 112 | 139.57 | 0 | 0 |
| Painting & Sculpture | 0 | 7 | 3 | 1 | 55 | 47 | 100.57 | 1 | 3 |
| History - American History | 0 | 7 | 4 | 1 | 50 | 70 | 99.00 | 1 | 3 |
| History - World History | 0 | 5 | 0 | 0 | 50 | 86 | 117.00 | 0 | 0 |
| History - European History | 0 | 5 | 1 | 2 | 45 | 80 | 107.00 | 1 | 1 |
| Literature - British Literature | 0 | 6 | 3 | 1 | 45 | 110 | 131.67 | 0 | 0 |
| Geography | 0 | 4 | 0 | 1 | 40 | 64 | 87.50 | 0 | 2 |
| Science - Biology | 0 | 3 | 1 | 0 | 25 | 96 | 110.67 | 0 | 1 |
| Mythology | 0 | 2 | 0 | 0 | 20 | 56 | 84.00 | 0 | 1 |
| Current Events | 0 | 2 | 0 | 0 | 20 | 20 | 61.00 | 1 | 1 |
| Religion | 0 | 3 | 2 | 0 | 20 | 55 | 107.67 | 0 | 0 |
| Fine Arts - Classical Music | 0 | 2 | 0 | 0 | 20 | 116 | 124.50 | 0 | 0 |
| Other Academic | 0 | 2 | 1 | 0 | 15 | 108 | 112.00 | 0 | 0 |
| Science - Chemistry | 0 | 1 | 1 | 0 | 5 | 121 | 121.00 | 0 | 0 |
| Science - Other Science | 0 | 1 | 1 | 0 | 5 | 139 | 139.00 | 0 | 0 |